000 00681nam a2200205Ii 4500
003 JO-AjNU
008 230605s9999||||xx |||||||||||||| ||und||
017 _a1972/3289
040 _aJO-AjNU
_bara
_erda
_cJO-AjNU
041 _aara
050 1 4 _aDS70.6.A5454 1972
100 3 _aتاليف العانى، خطاب,
_eauthor
_915538
245 0 0 _aجغرافية العراق الزراعية
264 3 1 _aبغداد: معهد البحوث والدراسات العربية، 1972
300 _a434ص
336 _atext
_btxt
_2rdacontent
337 _aunmediated
_bn
_2rdamedia
338 _avolume
_bnc
_2rdacarrier
650 4 _aالعراق- جغرافية ززراعية
_915539
999 _aA4412
_c7980
_d7980